<?xml version="1.0" encoding="UTF-8"?>
<record
    xmlns:xsi="http://www.w3.org/2001/XMLSchema-instance"
    xsi:schemaLocation="http://www.loc.gov/MARC21/slim http://www.loc.gov/standards/marcxml/schema/MARC21slim.xsd"
    xmlns="http://www.loc.gov/MARC21/slim">

  <leader>03734nam a2200409 a 4500</leader>
  <controlfield tag="001">Z_6274</controlfield>
  <controlfield tag="003">CHAP</controlfield>
  <controlfield tag="005">20251113125321.0</controlfield>
  <controlfield tag="007">ta</controlfield>
  <controlfield tag="008">220113s2007    txubdo fr     000 0 spa d</controlfield>
  <datafield tag="010" ind1=" " ind2=" ">
    <subfield code="a">168937</subfield>
  </datafield>
  <datafield tag="020" ind1=" " ind2=" ">
    <subfield code="a">978-1-58544-611-7</subfield>
    <subfield code="q">(r&#xFA;stica : papel alcalino)</subfield>
  </datafield>
  <datafield tag="040" ind1=" " ind2=" ">
    <subfield code="a">Z</subfield>
    <subfield code="c">CHAP</subfield>
    <subfield code="e">rda</subfield>
  </datafield>
  <datafield tag="041" ind1="1" ind2=" ">
    <subfield code="b">Espa&#xF1;ol</subfield>
    <subfield code="f">Espa&#xF1;ol</subfield>
    <subfield code="h">Ingl&#xE9;s</subfield>
  </datafield>
  <datafield tag="082" ind1="0" ind2="0">
    <subfield code="a">599.7357 </subfield>
    <subfield code="b">F85 2007</subfield>
    <subfield code="2">20</subfield>
  </datafield>
  <datafield tag="100" ind1="1" ind2=" ">
    <subfield code="a">Fulbright, Timothy Edward</subfield>
    <subfield code="9">143213</subfield>
    <subfield code="e">autor</subfield>
  </datafield>
  <datafield tag="245" ind1="1" ind2="0">
    <subfield code="a">Ecolog&#xED;a y manejo de venado cola blanca  /</subfield>
    <subfield code="c">Timothy Edward Fulbright y J. Alfonso Ortega-S. ; traducci&#xF3;n J. Alfonso Ortega-S.</subfield>
  </datafield>
  <datafield tag="264" ind1=" " ind2="1">
    <subfield code="a">Texas :</subfield>
    <subfield code="b">Texas A&amp;M University Press,</subfield>
    <subfield code="c">2007</subfield>
  </datafield>
  <datafield tag="300" ind1=" " ind2=" ">
    <subfield code="a">ix, 265 p&#xE1;ginas :</subfield>
    <subfield code="b">mapas, gr&#xE1;ficas, fotograf&#xED;as, tablas</subfield>
  </datafield>
  <datafield tag="440" ind1=" " ind2=" ">
    <subfield code="a">Perspectives on south Texas</subfield>
    <subfield code="9">143214</subfield>
  </datafield>
  <datafield tag="490" ind1="1" ind2=" ">
    <subfield code="a">Perspectives on south Texas (Texas A&amp;M University-Kingsville)</subfield>
  </datafield>
  <datafield tag="500" ind1=" " ind2=" ">
    <subfield code="a">ej.1 - ej.2 : Donado por Ph.D. Baldomero Alarc&#xF3;n Zu&#xF1;iga y la Generaci&#xF3;n 2009 - 2013</subfield>
  </datafield>
  <datafield tag="504" ind1=" " ind2=" ">
    <subfield code="a">Bibliograf&#xED;a: p&#xE1;ginas 231 - 258</subfield>
  </datafield>
  <datafield tag="505" ind1=" " ind2=" ">
    <subfield code="a">Prefacio -- 1. Requerimientos de h&#xE1;bitat para el venado cola blanca -- 2. Nutrici&#xF3;n del venado cola blanca -- 3. Principios ecol&#xF3;gicos fundamentales en el manejo del h&#xE1;bitat -- 4. Estimaci&#xF3;n de la capacidad de carga -- 5. El ganado dom&#xE9;stico y el h&#xE1;bitat de venado cola blanca -- 6. El arado: bancos de prote&#xED;na -- 7. El hacha, el arado, y el fuego: manejo la cosecha -- Ap&#xE9;ndice 1. Nombres comunes y cient&#xED;ficos de plantas y animales -- Ap&#xE9;ndice 2. Equivalencias del Sistema M&#xE9;trico decimal Ingles -- Ap&#xE9;ndice 3. Determinaci&#xF3;n del tama&#xF1;o adecuado de la muestra -- Ap&#xE9;ndice 4. Resumen de recomendaciones para el establecimiento de forrajes seleccionados -- Bibliograf&#xED;a -- &#xCD;ndice</subfield>
  </datafield>
  <datafield tag="520" ind1="2" ind2=" ">
    <subfield code="a">La mayor parte del siglo pasado, el manejo del agostadero se enfoc&#xF3; a manejar las tierras de pastizal para ganado domestico. La eficiencia con la que un productor pod&#xED;a producir pastos que el ganado consum&#xED;a era la mejor forma de evaluar su &#xE9;xito. Actualmente, los productores consideran la cacer&#xED;a deportiva y la observaci&#xF3;n de fauna como una fuente de ingresos; los agostaderos se consideran hoy en d&#xED;a como el h&#xE1;bitat de la fauna y se manejan tanto para animales dom&#xE9;sticos como silvestres. El venado cola blanca y la codorniz mascarita se pueden considerar las dos especies cineg&#xE9;ticas de mayor importancia. A diferencia de otros libros sobre venado cola blanca enfocados a &#xE1;reas donde la precipitaci&#xF3;n es relativamente alta y el medio ambiente relativamente estable, este libro considera un enfoque ecol&#xF3;gico del manejo del venado cola blanca con  las zonas semi&#xE1;ridad de Oklahoma, Texas, y el norte de M&#xE9;xico. En estas regiones se encuentra el h&#xE1;bitat meno productivo para venado cola blanca donde las sequ&#xED;as peri&#xF3;dicas son una caracter&#xED;stica de los patrones clim&#xE1;ticos de largo plazo. La originalidad y contribuci&#xF3;n final de este libro es el enfoque de una regi&#xF3;n ecol&#xF3;gica sin considerara las fronteras pol&#xED;ticas entre dos pa&#xED;ses. A diferencia de otros textos, esta obra considera que el proceso de toma de decisiones para el manejo adecuado del agostadero se basa en principios ecol&#xF3;gicos.</subfield>
  </datafield>
  <datafield tag="534" ind1=" " ind2=" ">
    <subfield code="p">T&#xED;tulo original:</subfield>
    <subfield code="t">White-tailed deer habitat: ecology and management on Rangelands</subfield>
  </datafield>
  <datafield tag="650" ind1="1" ind2="3">
    <subfield code="a">Venados</subfield>
    <subfield code="9">118663</subfield>
  </datafield>
  <datafield tag="650" ind1="1" ind2="3">
    <subfield code="a">Conservaci&#xF3;n del h&#xE1;bitat</subfield>
    <subfield code="x">Estados Unidos de Am&#xE9;rica</subfield>
    <subfield code="9">191470</subfield>
  </datafield>
  <datafield tag="650" ind1="1" ind2="3">
    <subfield code="a">Conservaci&#xF3;n del h&#xE1;bitat</subfield>
    <subfield code="9">191470</subfield>
    <subfield code="z">M&#xE9;xico</subfield>
  </datafield>
  <datafield tag="650" ind1="1" ind2="3">
    <subfield code="a">&#xC1;reas de conservaci&#xF3;n  </subfield>
    <subfield code="9">155377</subfield>
  </datafield>
  <datafield tag="700" ind1="1" ind2=" ">
    <subfield code="a">Ortega S., J. Alfonso</subfield>
    <subfield code="9">191443</subfield>
    <subfield code="e">autor</subfield>
    <subfield code="e">traductor</subfield>
  </datafield>
  <datafield tag="830" ind1=" " ind2="0">
    <subfield code="a">Perspectives on south Texas (Texas A&amp;M University-Kingsville)</subfield>
    <subfield code="9">143214</subfield>
  </datafield>
  <datafield tag="901" ind1=" " ind2=" ">
    <subfield code="a">599.735 7 F85 2007</subfield>
  </datafield>
  <datafield tag="902" ind1=" " ind2=" ">
    <subfield code="a">M</subfield>
  </datafield>
  <datafield tag="910" ind1=" " ind2=" ">
    <subfield code="a">    </subfield>
  </datafield>
  <datafield tag="942" ind1=" " ind2=" ">
    <subfield code="c">LIBRO</subfield>
    <subfield code="2">ddc</subfield>
  </datafield>
  <datafield tag="999" ind1=" " ind2=" ">
    <subfield code="c">168937</subfield>
    <subfield code="d">168937</subfield>
  </datafield>
  <datafield tag="952" ind1=" " ind2=" ">
    <subfield code="0">0</subfield>
    <subfield code="1">0</subfield>
    <subfield code="2">ddc</subfield>
    <subfield code="4">0</subfield>
    <subfield code="5">1</subfield>
    <subfield code="7">0</subfield>
    <subfield code="8">GRAL</subfield>
    <subfield code="a">Z</subfield>
    <subfield code="b">Z</subfield>
    <subfield code="d">2012-07-02</subfield>
    <subfield code="e">Donaci&#xF3;n</subfield>
    <subfield code="l">1</subfield>
    <subfield code="o">599.7357  F85 2007</subfield>
    <subfield code="p">5102005856</subfield>
    <subfield code="r">2024-11-12 19:15:14</subfield>
    <subfield code="s">2024-11-12</subfield>
    <subfield code="t">Ej.1</subfield>
    <subfield code="w">2022-01-18</subfield>
    <subfield code="y">LIBRO</subfield>
  </datafield>
  <datafield tag="952" ind1=" " ind2=" ">
    <subfield code="0">0</subfield>
    <subfield code="1">0</subfield>
    <subfield code="2">ddc</subfield>
    <subfield code="4">0</subfield>
    <subfield code="5">1</subfield>
    <subfield code="7">0</subfield>
    <subfield code="8">GRAL</subfield>
    <subfield code="a">Z</subfield>
    <subfield code="b">Z</subfield>
    <subfield code="d">2012-07-02</subfield>
    <subfield code="e">Donaci&#xF3;n</subfield>
    <subfield code="o">599.7357  F85 2007</subfield>
    <subfield code="p">5102005857</subfield>
    <subfield code="r">2022-01-18 00:00:00</subfield>
    <subfield code="t">Ej.2</subfield>
    <subfield code="w">2022-01-18</subfield>
    <subfield code="y">LIBRO</subfield>
  </datafield>
</record>
